Dance No More - Harry Styles (All Lyrics) - Statistics

General Stats
  • This quiz has been taken 50 times
  • The average score is 274 of 374
Answer Stats
Lyrics % Correct
I
94%
Da,
92%
da
92%
da,
92%
dance
89%
don't
89%
more,"
89%
more
89%
no
89%
No,
89%
you
89%
You
89%
a
86%
the
86%
they
86%
your
86%
all
83%
and
83%
And
83%
"DJs
83%
DJs
83%
friends
83%
get
83%
Get
83%
go
83%
(Got
83%
got
83%
mother
83%
respect
83%
Respect,
83%
said
83%
to
83%
we
83%
We
83%
with
83%
be
81%
Be
81%
feet
81%
our
81%
gotta
78%
in
78%
it
78%
it,
78%
Teach
78%
think
78%
wanna
78%
wet
78%
should
75%
So
75%
so
75%
their
75%
girl,
72%
good
72%
life
72%
me
72%
out
72%
there's
72%
between
69%
difference
69%
like
69%
live
69%
music
69%
of
69%
say)
69%
sweat,
69%
tears
69%
them
69%
What
69%
been
67%
But
67%
customer
67%
here,
67%
here
67%
It's
67%
Keep
67%
satisfied
67%
ten
67%
feeling
64%
hands
64%
has
64%
high
64%
side
64%
up
64%
Heaven
61%
something
61%
hitting
58%
Move
58%
or
58%
sent
58%
see
56%
water
56%
(I've
53%
keeps
53%
Fox
50%
is
47%
chest
44%
off
44%
that
44%
uh
42%
again
39%
(Ah)
36%
can
36%
Conversation
36%
ga
36%
over
36%
come
33%
tell
33%
hearing
31%
Pum,
8%
pum
8%
pum,
8%
Pum
8%
No matching quizzes found
Score Distribution
Percent of People with Each Score
Percentile by Number Answered
Your Score History
You have not taken this quiz